[Event "Open B"]
[Site "?"]
[Date "2007.08.31"]
[Round "?"]
[White "Fikr, Lukas"]
[Black "Schmalz, Michal"]
[Result "1/2-1/2"]
[WhiteElo "2134"]
[BlackElo "1797"]
[PlyCount "58"]
[EventDate "2007.08.31"]
[SourceDate "2007.08.31"]

1. d4 Nf6 2. Nf3 g6 3. c4 Bg7 4. g3 O-O 5. Bg2 d6 6. O-O Nbd7 7. Nc3 e5 8. e4
c6 9. h3 exd4 10. Nxd4 Nb6 11. b3 d5 12. cxd5 cxd5 13. Bg5 h6 14. Bxf6 Qxf6 15.
Nde2 dxe4 16. Rc1 Qe7 17. Nxe4 Bf5 18. N2c3 Rfd8 19. Qf3 Rac8 20. Nb5 Rxc1 21.
Rxc1 Be5 22. Qe3 Qb4 23. a4 Nd5 24. Qf3 a6 25. g4 Bxe4 26. Qxe4 Qxe4 27. Bxe4
axb5 28. Rd1 bxa4 29. bxa4 Kg7 1/2-1/2

[Event "Open B"]
[Site "?"]
[Date "2007.08.31"]
[Round "8.29"]
[White "Innneman, Frantisek"]
[Black "Hoskovec, Josef"]
[Result "0-1"]
[WhiteElo "1903"]
[BlackElo "1988"]
[PlyCount "65"]
[EventDate "2007.08.31"]
[SourceDate "2007.08.31"]

1. e4 c5 2. f4 e6 3. Nf3 d5 4. e5 Nc6 5. c3 Nh6 6. Bb5 Qb6 7. Qb3 c4 8. Bxc6+
Qxc6 9. Qc2 Bc5 10. d4 cxd3 11. Qxd3 Bd7 12. Be3 Bxe3 13. Qxe3 Nf5 14. Qf2 Qa4
15. Nd4 Nxd4 16. Qxd4 Qxd4 17. cxd4 Rc8 18. Kd2 Rc7 19. Na3 Ke7 20. Rac1 Rhc8
21. b4 f5 22. h3 h5 23. Rxc7 Rxc7 24. Nc2 Rc4 25. a3 Ba4 26. Ne1 Rxd4+ 27. Ke3
Rd1 28. Kf2 Ra1 29. g4 hxg4 30. hxg4 fxg4 31. Rg1 Rxa3 32. Rxg4 Kf7 33. Nf3 0-1

[Event "Open B"]
[Site "?"]
[Date "2007.08.31"]
[Round "?"]
[White "Sirota, Sergej"]
[Black "Drabek, Vojtech"]
[Result "1/2-1/2"]
[WhiteElo "2142"]
[BlackElo "2009"]
[PlyCount "40"]
[EventDate "2007.08.31"]
[SourceDate "2007.08.31"]

1. e4 c6 2. d4 d5 3. e5 Bf5 4. Nc3 e6 5. g4 Bg6 6. Nge2 c5 7. h4 h5 8. Nf4 Bh7
9. Nxh5 cxd4 10. Nb5 Nc6 11. Nxd4 Nxe5 12. Bb5+ Nd7 13. Qe2 Ne7 14. c3 a6 15.
Bxd7+ Qxd7 16. Qe5 O-O-O 17. Be3 Nc6 18. Qg3 Bd6 19. f4 Be4 20. Rh2 Rh7 1/2-1/2

[Event "Open B"]
[Site "?"]
[Date "2007.08.31"]
[Round "8.20"]
[White "Ruzicka, Vaclav"]
[Black "Matejovsky, Ondrej"]
[Result "1/2-1/2"]
[WhiteElo "1953"]
[BlackElo "2088"]
[PlyCount "40"]
[EventDate "2007.08.31"]
[SourceDate "2007.08.31"]

1. c4 e5 2. Nc3 Bb4 3. d3 Nf6 4. a3 Bxc3+ 5. bxc3 d5 6. cxd5 Qxd5 7. Bb2 O-O 8.
e4 Qe6 9. Nf3 b6 10. Be2 Rd8 11. Qc2 c5 12. h4 Nc6 13. Rd1 Bb7 14. Ng5 Qe7 15.
g4 Bc8 16. f3 Ne8 17. Bf1 h6 18. Qh2 Kf8 19. Nh7+ Kg8 20. Ng5 Kf8 1/2-1/2

[Event "Open A"]
[Site "?"]
[Date "2007.08.31"]
[Round "8.7"]
[White "Fojtu, Petr"]
[Black "Srba, Milan"]
[Result "1-0"]
[WhiteElo "2121"]
[BlackElo "2237"]
[PlyCount "73"]
[EventDate "2007.08.31"]
[SourceDate "2007.08.31"]

1. d4 d5 2. c4 dxc4 3. Nf3 a6 4. e3 Nf6 5. Bxc4 b5 6. Bb3 e6 7. O-O Bb7 8. Nc3
c5 9. a3 Be7 10. Qe2 Nbd7 11. Rd1 Qb6 12. e4 cxd4 13. Nxd4 Ne5 14. Bf4 Nfd7 15.
Bg3 Rc8 16. Kh1 Nc4 17. Rac1 Nc5 18. Ba2 O-O 19. b4 Nxa3 20. bxc5 Bxc5 21. Nc2
Nxc2 22. Rxc2 Bd4 23. Nb1 Rxc2 24. Qxc2 b4 25. Nd2 Bc3 26. Nc4 Qa7 27. h3 Bc6
28. Nd6 a5 29. Qe2 Ba4 30. Rb1 Qc5 31. Qc4 Qxc4 32. Nxc4 Ra8 33. Nb6 Bc6 34.
Nxa8 Bxa8 35. f3 Kf8 36. Bc7 a4 37. Bd6+ 1-0

[Event "Open A"]
[Site "?"]
[Date "2007.08.31"]
[Round "8.3"]
[White "Vrana, Jan"]
[Black "Koys, Milan"]
[Result "1-0"]
[WhiteElo "2271"]
[BlackElo "2113"]
[PlyCount "57"]
[EventDate "2007.08.31"]
[SourceDate "2007.08.31"]

1. e4 Nf6 2. e5 Nd5 3. c4 Nb6 4. c5 Nd5 5. Nc3 e6 6. d4 d6 7. cxd6 cxd6 8. Nf3
Nc6 9. Bd3 dxe5 10. dxe5 Nxc3 11. bxc3 Qa5 12. O-O Nxe5 13. Nxe5 Qxe5 14. Re1
Qc7 15. Qg4 Bd7 16. Bf4 Bd6 17. Bxd6 Qxd6 18. Qxg7 O-O-O 19. Be4 f5 20. Bf3
Rhg8 21. Qh6 Rg6 22. Qe3 Qb6 23. Qe5 Qc7 24. Rab1 Bc6 25. Bxc6 Qxc6 26. g3 h5
27. Rbd1 Rdg8 28. Rd6 Qc4 29. Rxe6 1-0

[Event "Open A"]
[Site "?"]
[Date "2007.08.31"]
[Round "8.5"]
[White "Kozak, Milos"]
[Black "Voracek, Miroslav"]
[Result "1-0"]
[WhiteElo "2213"]
[BlackElo "2153"]
[PlyCount "93"]
[EventDate "2007.08.31"]
[SourceDate "2007.08.31"]

1. Nf3 Nf6 2. c4 g6 3. Nc3 Bg7 4. e4 c5 5. d4 cxd4 6. Nxd4 d6 7. Be2 Nc6 8. Be3
O-O 9. O-O Nd7 10. Rc1 Nc5 11. Kh1 Bd7 12. Qd2 Rc8 13. Rfd1 Ne6 14. Nxc6 bxc6
15. c5 Qa5 16. cxd6 exd6 17. Qxd6 Rfd8 18. Qd3 Rb8 19. Qc2 c5 20. Bc4 Nd4 21.
Qd2 Bg4 22. Nd5 Qa4 23. b3 Qe8 24. Re1 Nf3 25. gxf3 Bxf3+ 26. Kg1 Qe6 27. Bf4
Bh6 28. Qc3 Qg4+ 29. Bg3 Rxd5 30. exd5 Bxc1 31. Qxc1 g5 32. Qe3 Rb4 33. Qxc5 a5
34. Re8+ Kg7 35. Qf8+ Kg6 36. Bd3+ Re4 37. Bxe4+ Bxe4 38. Qg8+ Kh6 39. Qf8+ Kg6
40. Qd6+ f6 41. Rxe4 Qxe4 42. Qe6 Qf3 43. h3 h5 44. Qe8+ Kh6 45. Qh8+ Kg6 46.
Qg8+ Kh6 47. Bd6 1-0

[Event "Open A"]
[Site "?"]
[Date "2007.08.31"]
[Round "8.12"]
[White "Marsalek, Lubos"]
[Black "Keller, Daniel"]
[Result "0-1"]
[WhiteElo "2028"]
[BlackElo "2139"]
[PlyCount "115"]
[EventDate "2007.08.31"]
[SourceDate "2007.08.31"]

1. Nf3 d6 2. d4 Bg4 3. c4 c6 4. Nc3 Nf6 5. e3 e6 6. Be2 Nbd7 7. O-O d5 8. b3
Bd6 9. h3 Bh5 10. Bb2 O-O 11. cxd5 exd5 12. Nh4 Bxe2 13. Qxe2 Re8 14. Nf3 Qe7
15. Nd2 Rad8 16. Qf3 Bb4 17. a3 Bxc3 18. Bxc3 Ne4 19. Nxe4 Qxe4 20. Qxe4 dxe4
21. Bb4 Nf6 22. Rfc1 Nd5 23. Be1 Kf8 24. Rc2 Ke7 25. a4 Ra8 26. Rac1 Kd7 27. b4
Rec8 28. Kf1 a6 29. Ke2 Nb6 30. Ra1 Re8 31. Rc5 Nd5 32. Rac1 Re6 33. Bd2 Rg6
34. Kf1 h5 35. b5 axb5 36. axb5 Ra2 37. bxc6+ bxc6 38. R5c2 Rxc2 39. Rxc2 Re6
40. Ke2 Re8 41. f3 f5 42. fxe4 Rxe4 43. Ra2 Ke6 44. Ra6 Kd6 45. Ra7 Re7 46. Ra6
Rb7 47. Ra2 Nc7 48. Be1 Nd5 49. Bd2 Kc7 50. Ba5+ Kb8 51. Bd2 Rb1 52. Kf2 Kb7
53. Kg3 g5 54. Kf2 Rb3 55. Rc2 Kb6 56. Ke2 Ne7 57. Rc5 Rb5 58. Rc4 0-1

[Event "Open A"]
[Site "?"]
[Date "2007.??.??"]
[Round "8.15"]
[White "Straka, Ondrej"]
[Black "Blumel, Otto"]
[Result "1/2-1/2"]
[WhiteElo "1703"]
[BlackElo "2237"]
[PlyCount "29"]
[EventDate "2007.??.??"]

1. e4 e5 2. Bc4 Nf6 3. d3 Be7 4. Nf3 d6 5. O-O Be6 6. Bxe6 fxe6 7. Ng5 Qd7 8.
f4 exf4 9. Bxf4 e5 10. Bd2 h6 11. Nf3 Qg4 12. Nc3 Nc6 13. Ne1 Qe6 14. Nf3 Qg4
15. Ne1 1/2-1/2

[Event "Open A"]
[Site "?"]
[Date "2007.??.??"]
[Round "8.19"]
[White "Skacel, Jan"]
[Black "Prochazka, Petr"]
[Result "1/2-1/2"]
[WhiteElo "2075"]
[BlackElo "1985"]
[PlyCount "24"]
[EventDate "2007.??.??"]

1. e4 d5 2. exd5 Nf6 3. d4 Bg4 4. Be2 Bxe2 5. Qxe2 Qxd5 6. Nf3 Nc6 7. O-O O-O-O
8. Rd1 e6 9. Bf4 Qf5 10. Bg3 Bd6 11. Bxd6 Rxd6 12. Na3 Rhd8 1/2-1/2

[Event "Open A"]
[Site "?"]
[Date "2007.??.??"]
[Round "8.17"]
[White "Pospisil, Evzen"]
[Black "Novak, Jindrich"]
[Result "1-0"]
[WhiteElo "2127"]
[BlackElo "2024"]
[PlyCount "103"]
[EventDate "2007.??.??"]

1. d4 Nc6 2. Nf3 d6 3. g3 e5 4. dxe5 Nxe5 5. Nxe5 dxe5 6. Qxd8+ Kxd8 7. Bg2 c6
8. O-O Kc7 9. Nc3 Bf5 10. e4 Be6 11. b3 Rd8 12. Bb2 Nf6 13. Rad1 Bc5 14. Na4
Bd6 15. c4 Nd7 16. h4 f6 17. Kh2 a5 18. Bh3 Bxh3 19. Kxh3 Nc5 20. Rxd6 Kxd6 21.
Ba3 Kc7 22. Bxc5 Rd2 23. Bb6+ Kb8 24. Kg2 Rxa2 25. Rd1 h5 26. Rd7 g5 27. Nc5
gxh4 28. Rxb7+ Ka8 29. Ra7+ Kb8 30. Na6+ Kc8 31. Rc7+ Kd8 32. Rh7+ Kc8 33.
Rxh8+ Kb7 34. Nc5+ Kxb6 35. Na4+ Kc7 36. gxh4 Ra3 37. Rh7+ Kd6 38. Rb7 Ke6 39.
Nc5+ Kd6 40. Na6 Ra1 41. c5+ Ke6 42. Rc7 a4 43. Rxc6+ Kf7 44. bxa4 Rxa4 45. f3
Ra2+ 46. Kg3 Kg6 47. Nb4 Ra5 48. Nd5 Kg7 49. Nxf6 Ra1 50. Nxh5+ Kf7 51. Kg4
Rg1+ 52. Ng3 1-0

[Event "Open A"]
[Site "?"]
[Date "2007.??.??"]
[Round "8.33"]
[White "Burianek, Petr"]
[Black "Lavrincik, Pavel"]
[Result "1/2-1/2"]
[WhiteElo "1805"]
[BlackElo "1993"]
[PlyCount "37"]
[EventDate "2007.??.??"]

1. e4 d6 2. d4 g6 3. Nc3 Nf6 4. Nf3 Bg7 5. Be2 Nbd7 6. h3 e5 7. Be3 c6 8. a4
O-O 9. O-O a5 10. Bc4 Qe7 11. d5 c5 12. Nd2 Nh5 13. Be2 Nf4 14. Nc4 f5 15. Bf3
Nf6 16. Re1 g5 17. exf5 Bxf5 18. Bxf4 e4 19. Nxe4 1/2-1/2

[Event "Open A"]
[Site "?"]
[Date "2007.??.??"]
[Round "8.4"]
[White "Herejk, Petr"]
[Black "Ptak, Pavel"]
[Result "1/2-1/2"]
[WhiteElo "2142"]
[BlackElo "2144"]
[PlyCount "71"]
[EventDate "2007.??.??"]

1. e4 g6 2. d4 Bg7 3. Nc3 c6 4. Bc4 d6 5. Nf3 Nf6 6. O-O d5 7. exd5 cxd5 8.
Bb5+ Bd7 9. Bxd7+ Nbxd7 10. Re1 O-O 11. Bg5 Re8 12. Ne5 Rc8 13. Qf3 Nf8 14. Qh3
Qb6 15. Nd3 Ne4 16. Nxd5 Nxg5 17. Qxc8 Rxc8 18. Nxb6 axb6 19. c3 Nge6 20. Nb4
Rd8 21. Rad1 Bf6 22. g3 h5 23. c4 Ng7 24. Kg2 Nge6 25. Kf3 Nc7 26. h3 Nd5 27.
Nd3 Ne6 28. a3 b5 29. Rg1 Rc8 30. Ra1 Nb6 31. Rg2 Nxc4 32. Nb4 Nc7 33. g4 hxg4+
34. hxg4 e6 35. Rh2 Nd5 36. Nd3 1/2-1/2

[Event "Open A"]
[Site "?"]
[Date "2007.??.??"]
[Round "8.22"]
[White "Svitak, David"]
[Black "Postupa, Martin"]
[Result "1/2-1/2"]
[WhiteElo "1769"]
[BlackElo "1976"]
[PlyCount "52"]
[EventDate "2007.??.??"]

1. e4 e5 2. Nc3 Nc6 3. Bc4 Nf6 4. d3 Be7 5. Nge2 d6 6. O-O Be6 7. Nd5 Na5 8.
Nxf6+ Bxf6 9. Bxe6 fxe6 10. f4 O-O 11. fxe5 Bxe5 12. Rxf8+ Qxf8 13. d4 Bf6 14.
Nf4 Qf7 15. c3 e5 16. Nh5 exd4 17. Nxf6+ Qxf6 18. cxd4 Rf8 19. Qd3 Nc6 20. Be3
Qe7 21. Qb3+ Kh8 22. Qxb7 Qxe4 23. Bf2 Kg8 24. Qxc7 Qf4 25. Bg3 Qxd4+ 26. Kh1
Ne5 {dale necitelne} 1/2-1/2

[Event "Open A"]
[Site "?"]
[Date "2007.??.??"]
[Round "9.1"]
[White "Hausner, Ivan"]
[Black "Vrana, Jan"]
[Result "1-0"]
[WhiteElo "2393"]
[BlackElo "2271"]
[PlyCount "27"]
[EventDate "2007.??.??"]

1. c4 e6 2. g3 d5 3. Bg2 Nf6 4. Nf3 Be7 5. d4 O-O 6. Qc2 dxc4 7. Qxc4 a6 8. Bf4
Nd5 9. Nbd2 b5 10. Qc2 Nxf4 11. gxf4 Bb7 12. O-O Nd7 13. Nb3 Bd6 14. Ng5 1-0

[Event "Open A"]
[Site "?"]
[Date "2007.??.??"]
[Round "9.3"]
[White "Sodoma, Jan"]
[Black "Studnicka, Tomas"]
[Result "1/2-1/2"]
[WhiteElo "2334"]
[BlackElo "2307"]
[PlyCount "25"]
[EventDate "2007.??.??"]

1. e4 e5 2. Nf3 Nf6 3. Nxe5 d6 4. Nf3 Nxe4 5. Nc3 Nxc3 6. dxc3 Be7 7. Bf4 Bd7
8. Qd2 O-O 9. O-O-O Nc6 10. h4 Bg4 11. h5 Qd7 12. Re1 Bf6 13. Nd4 1/2-1/2

[Event "Open A"]
[Site "?"]
[Date "2007.??.??"]
[Round "9.15"]
[White "Pokorny, Milan"]
[Black "Vevera, Radek"]
[Result "1/2-1/2"]
[WhiteElo "2200"]
[BlackElo "2064"]
[PlyCount "50"]
[EventDate "2007.??.??"]

1. e4 c5 2. Nf3 d6 3. d4 cxd4 4. Nxd4 Nf6 5. Nc3 a6 6. Be2 g6 7. Be3 Bg7 8. O-O
O-O 9. Qd2 Nc6 10. f4 Bd7 11. Rad1 Rc8 12. h3 b5 13. a3 Na5 14. e5 Ne8 15. Nb3
Nxb3 16. cxb3 Be6 17. Nd5 dxe5 18. fxe5 Bxe5 19. Bh6 Bg7 20. Bg5 Bxd5 21. Qxd5
Qb6+ 22. Kh1 Nf6 23. Qe5 Qc7 24. Qxc7 Rxc7 25. Bf3 Rc2 1/2-1/2

[Event "Open A"]
[Site "?"]
[Date "2007.??.??"]
[Round "9.26"]
[White "Novak, Jindrich"]
[Black "Pokorny, Jiri"]
[Result "1-0"]
[WhiteElo "2024"]
[BlackElo "1955"]
[PlyCount "55"]
[EventDate "2007.??.??"]

1. d4 Nf6 2. g3 d5 3. Bg2 Bf5 4. Nd2 Nbd7 5. Ngf3 c5 6. O-O cxd4 7. Nxd4 Bg6 8.
f4 Qb6 9. c3 e6 10. Qb3 Bc5 11. N2f3 Ne4 12. Kh1 Ndf6 13. Qa4+ Ke7 14. f5 Bxf5
15. Nxf5+ exf5 16. Nd4 g6 17. Nb3 Bd6 18. Bf4 Bxf4 19. Rxf4 Nf2+ 20. Rxf2 Qxf2
21. Qb4+ Ke8 22. Nd4 b6 23. Qd6 Nd7 24. Bxd5 Rc8 25. Bxf7+ Kxf7 26. Qe6+ Kg7
27. Qe7+ Kh6 28. Ne6 1-0

[Event "Open A"]
[Site "?"]
[Date "2007.??.??"]
[Round "9.21"]
[White "Postupa, Martin"]
[Black "Voracek, Zdenek"]
[Result "1-0"]
[WhiteElo "1985"]
[BlackElo "2041"]
[PlyCount "39"]
[EventDate "2007.??.??"]

1. e4 Nf6 2. d3 Nc6 3. Nf3 e5 4. Nc3 Be7 5. Be2 O-O 6. O-O d5 7. exd5 Nxd5 8.
Bd2 Be6 9. Re1 f6 10. h3 Qd7 11. Nh2 Rad8 12. Bf3 Bc5 13. Bxd5 Bxd5 14. Nxd5
Qxd5 15. Nf3 f5 16. b4 e4 17. bxc5 exf3 18. g3 Nd4 19. c4 Ne2+ 20. Qxe2 1-0

[Event "Open A"]
[Site "?"]
[Date "2007.??.??"]
[Round "9.17"]
[White "Krasnay, Peter"]
[Black "Hlavnicka, Jan"]
[Result "1/2-1/2"]
[WhiteElo "2123"]
[BlackElo "1996"]
[PlyCount "56"]
[EventDate "2007.??.??"]

1. e4 c5 2. Nf3 Nc6 3. d4 cxd4 4. Nxd4 g6 5. Nc3 Bg7 6. Be3 Nf6 7. f3 d5 8.
Nxc6 bxc6 9. e5 Nd7 10. f4 O-O 11. Be2 e6 12. O-O f6 13. exf6 Qxf6 14. Kh1 Bb7
15. Bf3 Kh8 16. Qd2 c5 17. Na4 Rac8 18. Rad1 Rc7 19. Qa5 Rfc8 20. Bc1 Qf5 21.
c4 Bd4 22. Rfe1 Ba8 23. cxd5 Bxd5 24. Bxd5 exd5 25. Re7 Bf6 26. Rde1 d4 27. Qa6
Nf8 28. Qc4 Qd7 1/2-1/2

[Event "Open A"]
[Site "?"]
[Date "2007.??.??"]
[Round "9.32"]
[White "Lavrincik, Pavel"]
[Black "Novotny, Pavel"]
[Result "0-1"]
[WhiteElo "1993"]
[BlackElo "1841"]
[PlyCount "66"]
[EventDate "2007.??.??"]

1. c4 e5 2. Nc3 Nc6 3. g3 b6 4. Bg2 Bb7 5. e4 Nd4 6. Nge2 Nf6 7. O-O Bc5 8. Nd5
a5 9. Nec3 O-O 10. d3 c6 11. Ne3 g6 12. Kh1 Bd6 13. Ng4 Nxg4 14. Qxg4 f5 15.
exf5 Rxf5 16. Ne4 Be7 17. f4 d5 18. Nc3 Bc8 19. Qd1 dxc4 20. dxc4 Ra7 21. Be4
Rh5 22. fxe5 Rxe5 23. Bf4 Re6 24. Be3 Bc5 25. Qd2 Rd7 26. Qf2 Qe8 27. Rad1 Rxe4
28. Nxe4 Qxe4+ 29. Kg1 Ne2+ 30. Qxe2 Bxe3+ 31. Rf2 Bxf2+ 32. Kxf2 Qxe2+ 33.
Kxe2 Rxd1 0-1

[Event "Open A"]
[Site "?"]
[Date "2007.??.??"]
[Round "9.35"]
[White "Hadrava, Jaroslav"]
[Black "Chromovsky, Hynek"]
[Result "1-0"]
[WhiteElo "1871"]
[BlackElo "1781"]
[PlyCount "87"]
[EventDate "2007.??.??"]

1. e4 c5 2. Nf3 e6 3. d4 cxd4 4. Nxd4 a6 5. c4 Qc7 6. Bd3 Bc5 7. Nb3 Bd6 8. Qg4
Ne7 9. g3 Ng6 10. f4 h5 11. Qf3 b6 12. Nc3 Bb7 13. Qe2 h4 14. Rg1 hxg3 15. hxg3
Nc6 16. Be3 Bb4 17. O-O-O Na5 18. Nxa5 Bxa5 19. Rh1 O-O-O 20. a3 b5 21. b4 bxc4
22. Bxc4 Bb6 23. Bxb6 Qxb6 24. Rxh8 Rxh8 25. Kb2 Ne7 26. Na4 Qc6 27. Nc5 d5 28.
Bxa6 Bxa6 29. Nxa6 Kb7 30. b5 Qc5 31. Rc1 Qd4+ 32. Ka2 Rc8 33. Rxc8 Nxc8 34.
Qc2 Qc4+ 35. Qxc4 dxc4 36. a4 Nd6 37. Nc5+ Kb6 38. e5 Nf5 39. Ne4 Ka5 40. Ka3
c3 41. Kb3 c2 42. Kxc2 Kxa4 43. b6 Ne7 44. Nc5+ 1-0

[Event "Open A"]
[Site "?"]
[Date "2007.??.??"]
[Round "9.28"]
[White "Zlamal, Frantisek"]
[Black "Kaiser, Rudolf"]
[Result "1/2-1/2"]
[WhiteElo "1868"]
[BlackElo "1948"]
[PlyCount "85"]
[EventDate "2007.??.??"]

1. Nf3 f5 2. c4 e6 3. Nc3 Nf6 4. d4 Bb4 5. Qc2 O-O 6. a3 Bxc3+ 7. bxc3 d6 8.
Rb1 b6 9. g3 Bb7 10. Bg2 Be4 11. Qb2 Bxb1 12. Qxb1 Qe7 13. Ne5 d5 14. cxd5 exd5
15. O-O Ne4 16. Qb3 c6 17. a4 Qe6 18. f3 Nd6 19. Ba3 Rd8 20. Bc1 Nc4 21. f4
Nxe5 22. fxe5 Na6 23. e4 fxe4 24. Bxe4 Rf8 25. Bf4 g5 26. Bxg5 Rxf1+ 27. Kxf1
Qf7+ 28. Bf4 dxe4 29. e6 Qe7 30. Qc4 Rf8 31. Qxc6 e3 32. Ke2 Nb8 33. Qd5 Re8
34. g4 Rd8 35. Qc4 Rf8 36. d5 Qh4 37. Bg3 Qf6 38. Kxe3 Qf3+ 39. Kd2 Qg2+ 40.
Kd1 Qg1+ 41. Kd2 Qg2+ 42. Ke1 Qg1+ 43. Kd2 1/2-1/2

[Event "Open A"]
[Site "?"]
[Date "2007.??.??"]
[Round "9.11"]
[White "Postupa, Pavel"]
[Black "Misiscko, Jan"]
[Result "1/2-1/2"]
[WhiteElo "2223"]
[BlackElo "2125"]
[PlyCount "37"]
[EventDate "2007.??.??"]

1. e4 c5 2. Nf3 e6 3. d4 cxd4 4. Nxd4 Nf6 5. Bd3 Nc6 6. Nd2 d5 7. exd5 Nxd5 8.
O-O Bd6 9. N4b3 Ne5 10. Nc4 Nxc4 11. Bxc4 Bxh2+ 12. Kxh2 Qh4+ 13. Kg1 Qxc4 14.
c3 O-O 15. Nd2 Qc7 16. Ne4 b5 17. Qh5 f6 18. a4 Bd7 19. a5 {dale necitelne}
1/2-1/2

[Event "Open A"]
[Site "?"]
[Date "2007.??.??"]
[Round "9.30"]
[White "Rutter, Lidmila"]
[Black "Socharova, Jana"]
[Result "0-1"]
[WhiteElo "1687"]
[BlackElo "1882"]
[PlyCount "53"]
[EventDate "2007.??.??"]

1. e4 c6 2. d4 d5 3. exd5 cxd5 4. Bd3 Nf6 5. c3 Nc6 6. Bf4 Bg4 7. Qb3 Qd7 8.
Nd2 e6 9. Ngf3 Be7 10. O-O O-O 11. Ne5 Qe8 12. Ndf3 Bh5 13. Rae1 a6 14. Ng5 Bd6
15. Qc2 g6 16. Nxg6 Bxg6 17. Bxd6 Rd8 18. Bxg6 hxg6 19. Be5 Ng4 20. Qe2 Ngxe5
21. dxe5 Kh8 22. Qf3 Qe7 23. Qg4 Kg7 24. f4 Qd7 25. Rd1 Ne7 26. Rd3 Rh8 27.
Rff3 {dale necitelne} 0-1

[Event "Open A"]
[Site "?"]
[Date "2007.??.??"]
[Round "9.9"]
[White "Koys, Milan"]
[Black "Skala, Jaromir"]
[Result "0-1"]
[WhiteElo "2113"]
[BlackElo "2075"]
[PlyCount "116"]
[EventDate "2007.??.??"]

1. Nf3 d6 2. e4 e5 3. Bc4 Be7 4. d4 Nf6 5. dxe5 Nxe4 6. Qd5 Be6 7. Qxe4 d5 8.
Bb5+ c6 9. Qa4 cxb5 10. Qxb5+ Nc6 11. c3 O-O 12. Bf4 d4 13. O-O a6 14. Qxb7 Bd5
15. c4 Ra7 16. Qb3 Na5 17. Qc2 Bxc4 18. Rd1 Rd7 19. Nbd2 Be2 20. Re1 d3 21. Qa4
Rb7 22. a3 Rxb2 23. Nd4 Bg5 24. Bxg5 Qxg5 25. Qxa5 Rxd2 26. h4 Qh6 27. Nf5 Qf6
28. Ne7+ Kh8 29. g3 Qh6 30. Nf5 Qe6 31. Nd4 Qh6 32. Qb4 Rg8 33. Nf5 Qe6 34.
Qxd2 Qxf5 35. Qf4 Qe6 36. Qe3 Qg4 37. Ra2 g5 38. hxg5 Rxg5 39. Raxe2 dxe2 40.
Rxe2 Rg6 41. Rd2 Kg7 42. Qc3 Re6 43. f4 h5 44. Kh2 h4 45. Rg2 Kf8 46. Qc8+ Ke7
47. Qc5+ Ke8 48. Qf2 hxg3+ 49. Rxg3 Rh6+ 50. Kg2 Qh5 51. Rg8+ Ke7 52. Qc5+ Ke6
53. Qc8+ Kd5 54. Rd8+ Ke4 55. Qc4+ Kf5 56. Qd3+ Kxf4 57. Rd4+ Kg5 58. Qg3+ Kf5
0-1

[Event "Open A"]
[Site "?"]
[Date "2007.09.01"]
[Round "9.27"]
[White "Vanecek, Stanislav"]
[Black "Lexa, Vaclav"]
[Result "1-0"]
[WhiteElo "2002"]
[BlackElo "1937"]
[PlyCount "41"]
[EventDate "2007.09.01"]
[SourceDate "2007.09.01"]

1. Nf3 Nf6 2. g3 e6 3. Bg2 d5 4. d4 Be7 5. O-O O-O 6. c4 dxc4 7. Ne5 c5 8. dxc5
Qc7 9. Nxc4 Qxc5 10. b3 Qh5 11. Nc3 Nc6 12. e4 Qg6 13. Be3 Ng4 14. Qe2 Nxe3 15.
Qxe3 e5 16. Nd5 Be6 17. Nxe5 Qh5 18. Nxc6 Bg5 19. Nce7+ Kh8 20. f4 Bxe7 21.
Nxe7 1-0

[Event "Open A"]
[Site "?"]
[Date "2007.09.01"]
[Round "9.10"]
[White "Srba, Milan"]
[Black "Fojtu, Jan"]
[Result "1/2-1/2"]
[WhiteElo "2237"]
[BlackElo "2019"]
[PlyCount "65"]
[EventDate "2007.09.01"]
[SourceDate "2007.09.01"]

1. e4 c5 2. Nf3 Nc6 3. d4 cxd4 4. Nxd4 Nf6 5. Nc3 e5 6. Ndb5 d6 7. Bg5 a6 8.
Na3 b5 9. Bxf6 gxf6 10. Nd5 Bg7 11. c3 f5 12. Bd3 Be6 13. Nxb5 O-O 14. Nbc7
Bxd5 15. Nxd5 Qg5 16. Qf3 fxe4 17. Qxe4 f5 18. Qc4 Na5 19. Qc7 Qxg2 20. Ne7+
Kh8 21. O-O-O e4 22. Rhg1 Bh6+ 23. Kb1 Qxf2 24. Qxd6 Bf4 25. Ng6+ hxg6 26. Qxg6
Ra7 27. Bc2 Nc4 28. Rd8 Qc5 29. Qf6+ Kh7 30. Qg6+ Kh8 31. Qf6+ Kh7 32. Qg6+ Kh8
33. Qf6+ 1/2-1/2

[Event "Open A"]
[Site "?"]
[Date "2007.09.01"]
[Round "9.7"]
[White "Kojetsky, Pavel"]
[Black "Vanka, Miroslav"]
[Result "0-1"]
[WhiteElo "2147"]
[BlackElo "2194"]
[PlyCount "70"]
[EventDate "2007.09.01"]
[SourceDate "2007.09.01"]

1. e4 c5 2. Nf3 Nc6 3. d4 cxd4 4. Nxd4 e5 5. Nf3 Nf6 6. Bc4 Be7 7. Qe2 d6 8.
O-O Be6 9. Rd1 Rc8 10. Bb3 O-O 11. h3 Qc7 12. Nc3 a6 13. Bg5 Nh5 14. Nd5 Bxd5
15. exd5 Na5 16. Nxe5 Bxg5 17. Qxh5 Bf6 18. Nd3 Qb6 19. Ba4 Qd4 20. b4 b5 21.
Bxb5 axb5 22. bxa5 Rxc2 23. Rab1 Rxa2 24. Rxb5 Qa7 25. Rb6 Rd8 26. Qf5 Rxa5 27.
Rc6 Ra1 28. Rxa1 Qxa1+ 29. Kh2 g6 30. Qe4 Be5+ 31. f4 Bd4 32. Rc1 Qa7 33. Nb4
Qa3 34. Nd3 Bf6 35. Ne1 Qxc1 0-1

[Event "Open A"]
[Site "?"]
[Date "2007.09.01"]
[Round "9.20"]
[White "Matejovsky, Ondrej"]
[Black "Moravec, Vit"]
[Result "1/2-1/2"]
[WhiteElo "2088"]
[BlackElo "2020"]
[PlyCount "23"]
[EventDate "2007.09.01"]
[SourceDate "2007.09.01"]

1. e4 e6 2. d4 d5 3. exd5 exd5 4. Bd3 Bd6 5. Nf3 Nf6 6. Qe2+ Qe7 7. Qxe7+ Bxe7
8. O-O O-O 9. Bf4 c6 10. Nbd2 Bg4 11. Ne5 Be6 12. Rfe1 1/2-1/2

[Event "Open A"]
[Site "?"]
[Date "2007.09.01"]
[Round "9.19"]
[White "Koper, Stefan"]
[Black "Skacel, Jan"]
[Result "1-0"]
[WhiteElo "2000"]
[BlackElo "2103"]
[PlyCount "67"]
[EventDate "2007.09.01"]
[SourceDate "2007.09.01"]

1. d4 Nf6 2. c4 e6 3. a3 d5 4. cxd5 exd5 5. Nc3 c6 6. Nf3 Bf5 7. Bg5 Nbd7 8. e3
Be7 9. Be2 O-O 10. O-O Re8 11. b4 a6 12. Na4 b5 13. Nc5 Nxc5 14. dxc5 Ne4 15.
Bxe7 Qxe7 16. Nd4 Qf6 17. Bd3 Nc3 18. Qc2 Bxd3 19. Qxd3 Na4 20. Ra2 g6 21. f4
Rac8 22. f5 Qe5 23. Rf3 Qe4 24. Qf1 Rc7 25. fxg6 hxg6 26. Raf2 Nc3 27. Rc2 Na4
28. h4 Qxh4 29. Rh3 Qg5 30. Qf2 Re4 31. Rg3 Qh5 32. Rc1 Rh4 33. Qf6 Rc8 34. Nf5
1-0

[Event "Open A"]
[Site "?"]
[Date "2007.09.01"]
[Round "9.18"]
[White "Hrubant, Ivan"]
[Black "Ruzicka, Vaclav"]
[Result "1/2-1/2"]
[WhiteElo "2119"]
[BlackElo "1953"]
[PlyCount "45"]
[EventDate "2007.09.01"]
[SourceDate "2007.09.01"]

1. d4 d5 2. Nf3 c6 3. c4 e6 4. Nc3 Nf6 5. Bg5 Be7 6. e3 O-O 7. Rc1 Nbd7 8. Bd3
dxc4 9. Bxc4 b5 10. Bb3 Bb7 11. O-O Rc8 12. Qe2 Qb6 13. Rfd1 a6 14. e4 h6 15.
Bh4 Rfe8 16. e5 Nd5 17. Ne4 c5 18. Bxe7 Rxe7 19. Nd6 Rc7 20. Qd2 c4 21. Bc2 Nf8
22. Be4 Ba8 23. h3 1/2-1/2

[Event "Open A"]
[Site "?"]
[Date "2007.09.01"]
[Round "9.23"]
[White "Prochazka, Petr"]
[Black "Svitak, David"]
[Result "0-1"]
[WhiteElo "1985"]
[BlackElo "1769"]
[PlyCount "54"]
[EventDate "2007.09.01"]
[SourceDate "2007.09.01"]

1. e4 c5 2. Nf3 d6 3. d4 cxd4 4. Nxd4 Nf6 5. Nc3 a6 6. Bg5 e6 7. f4 Be7 8. Qf3
Qc7 9. O-O-O b5 10. a3 Bb7 11. Bd3 Nbd7 12. Rhe1 Rb8 13. Bxf6 Bxf6 14. Qe3 Qc5
15. Bf1 b4 16. Nd5 exd5 17. e5 dxe5 18. fxe5 Bxe5 19. Qg3 O-O 20. Rxe5 Nxe5 21.
Qxe5 Rfe8 22. Qg3 bxa3 23. bxa3 Qe7 24. Nf5 Qe5 25. Qg4 g6 26. Nd4 Qe3+ 27. Rd2
Qxa3+ 0-1

[Event "Open A"]
[Site "?"]
[Date "2007.09.01"]
[Round "9.14"]
[White "Sirota, Sergej"]
[Black "Pospisil, Evzen"]
[Result "1/2-1/2"]
[WhiteElo "2009"]
[BlackElo "2127"]
[PlyCount "49"]
[EventDate "2007.09.01"]
[SourceDate "2007.09.01"]

1. d4 d5 2. c4 e6 3. Nc3 Nf6 4. Bg5 Nbd7 5. Nf3 c6 6. e3 Qa5 7. cxd5 Nxd5 8.
Qd2 Bb4 9. Rc1 h6 10. Bh4 N7b6 11. e4 Nxc3 12. bxc3 Ba3 13. Rb1 Bd7 14. Bd3 c5
15. O-O cxd4 16. cxd4 Qxd2 17. Nxd2 Rc8 18. Rb3 Bc1 19. Nc4 Nxc4 20. Rxc1 Nd6
21. Rxc8+ Bxc8 22. Bg3 Ke7 23. Rc3 Bd7 24. e5 Nf5 25. Bxf5 1/2-1/2